Statistics for Premier League Quiz of the Season: 2020/21

Click here to take the quiz!

General Stats

  • This quiz has been taken 45 times
  • The average score is 12 of 21

Answer Stats

HintAnswer% Correct
This striker said goodbye to Manchester CitySergio Agüero
91%
Manager who led Leeds to 9th placeMarcelo Bielsa
82%
This Chelsea signing was widely maligned for his lack of goal-scoringTimo Werner
82%
Clean sheets leader among goalkeepersEderson
79%
Surprisingly, this player led Man City in goalsIlkay Gündogan
74%
West Ham's two summer signings from Slavia PragueTomás Soucek
74%
Manchester United signed this Dutch player for a hefty sum, but he rarely playedDonny van de Beek
71%
Wolves player who suffered a fractured skullRaúl Jiménez
71%
Everton signed this superstar on a free transferJames Rodriguez
68%
West Ham's two summer signings from Slavia PragueVladimir Coufal
65%
The three Premier League club owners that would have served on the Board of Directors of the ill-fated European Super LeagueJoel Glazer
56%
He scored the first goal of the seasonMohamed Salah
56%
The lone goalscorer in Burnley's 1-0 win at AnfieldAshley Barnes
47%
Voted FWA Footballer of the YearRúben Dias
47%
He became the youngest-ever Premier League managerRyan Mason
47%
The three Premier League club owners that would have served on the Board of Directors of the ill-fated European Super LeagueStan Kroenke
47%
The first manager to be sackedSlaven Bilić
44%
Swedish entrepreneur who voiced his desire to buy ArsenalDaniel Ek
41%
The three Premier League club owners that would have served on the Board of Directors of the ill-fated European Super LeagueJohn W. Henry
35%
This player's game-winning goal in the Merseyside Derby was overturned by VARJordan Henderson
35%
Who replaced the aboveSam Allardyce
35%

Score Distribution

Percentile by Number Answered

Percent of People with Each Score

Your Score History

You have not taken this quiz